000 00319nam a2200121Ia 4500
008 180309s9999 xx 000 0 und d
020 _a9781473919556
100 _aIordanou, Ioanna
245 _aValues and Ethics in coaching /
260 _aLondon :
_b2017
_cSAGE pub
300 _aviii, 203 pages
650 _aCoaching
999 _c356157
_d356157